| 000 | 00864nam a2200229 4500 | ||
|---|---|---|---|
| 001 | 147949 | ||
| 003 | ES-MaACL | ||
| 005 | 20240516063056.0 | ||
| 007 | t| | ||
| 008 | 070214s1961 sp r ||||1| eng d | ||
| 100 | 0 |
_aStevenson, Robert Louis, _d1850-1894 _9108169 |
|
| 245 | 1 | 0 |
_aProvidence and the guitar _b: = La providencia y la guitarra / _cby Robert Louis Stevenson ; [traducción del inglés de María Alfaro]. |
| 260 |
_aMadrid ; _aMéxico : _bAlhambra, _c[1961] ( _eAvila : _fSenén Martín) |
||
| 300 |
_a69 p. ; _c18 cm. |
||
| 490 | 1 |
_aTextos bilingües Alhambra ; _v13 |
|
| 500 | _aTexto paralelo en inglés y español. | ||
| 700 | 1 |
_aAlfaro, María. _919806 |
|
| 740 | 0 | _aLa providencia y la guitarra. | |
| 830 | 0 |
_aTextos bilingües Alhambra ; _v13 _9183591 |
|
| 852 |
_aES-MaACL _jC-20278 _bR.48621 |
||
| 999 |
_c147949 _d147949 |
||